Laboratory manual in biochemistry / (Record no. 2591)
[ view plain ]
| 000 -LEADER | |
|---|---|
| fixed length control field | 00634nam a22002177a 4500 |
| 001 - CONTROL NUMBER | |
| control field | BD-DhSAU 2591 |
| 003 - CONTROL NUMBER IDENTIFIER | |
| control field | BD-DhSAU |
| 005 - DATE AND TIME OF LATEST TRANSACTION | |
| control field | 20150129130613.0 |
| 008 - FIXED-LENGTH DATA ELEMENTS--GENERAL INFORMATION | |
| fixed length control field | 150129b1981 ii a|||| |||| 001 0 eng d |
| 020 ## - INTERNATIONAL STANDARD BOOK NUMBER | |
| International Standard Book Number | 0852264283 |
| 040 ## - CATALOGING SOURCE | |
| Original cataloging agency | BD-DhSAU |
| 082 ## - DEWEY DECIMAL CLASSIFICATION NUMBER | |
| Edition number | 22 |
| Classification number | 574.190202 |
| Item number | JOL |
| 100 ## - MAIN ENTRY--PERSONAL NAME | |
| Personal name | Jayaraman, J. |
| 245 ## - TITLE STATEMENT | |
| Title | Laboratory manual in biochemistry / |
| Statement of responsibility, etc. | J. Jayaraman |
| 260 ## - PUBLICATION, DISTRIBUTION, ETC. (IMPRINT) | |
| Place of publication, distribution, etc. | New Deljhi : |
| Name of publisher, distributor, etc. | Willey Eastern Limited , |
| Date of publication, distribution, etc. | c1981. |
| 300 ## - PHYSICAL DESCRIPTION | |
| Extent | viii, 180 p. : |
| Other physical details | ill. ; |
| Dimensions | 21 cm. |
| 504 ## - BIBLIOGRAPHY, ETC. NOTE | |
| Bibliography, etc | Includes bibliographical references & index. |
| 590 ## - Name of Cataloguer | |
| Name of Cataloger | Jerin |
| 650 ## - SUBJECT ADDED ENTRY--TOPICAL TERM | |
| Topical term or geographic name as entry element | Chemistry |
| 650 ## - SUBJECT ADDED ENTRY--TOPICAL TERM | |
| Topical term or geographic name as entry element | biochemistry |
| Form subdivision | Laboratory manual |
| 942 ## - ADDED ENTRY ELEMENTS (KOHA) | |
| Source of classification or shelving scheme | Dewey Decimal Classification |
| Koha item type | Book |
| Withdrawn status | Lost status | Source of classification or shelving scheme | Damaged status | Not for loan | Home library | Branch Name | Shelving location | Date acquired | Total Checkouts | Full call number | Barcode | Date last seen | Price effective from | Koha item type | Date checked out | Collection code |
|---|---|---|---|---|---|---|---|---|---|---|---|---|---|---|---|---|
| Dewey Decimal Classification | SAU Library | SAU Library | General Stacks | 30/06/1991 | 574.190202 JOL | 16685 | 29/01/2015 | 29/01/2015 | Book | |||||||
| Dewey Decimal Classification | SAU Library | SAU Library | General Stacks | 24/06/1992 | 574.190202 JOL | 19854 | 29/01/2015 | 29/01/2015 | Book | |||||||
| Dewey Decimal Classification | SAU Library | SAU Library | General Stacks | 30/06/1991 | 1 | 574.190202 JOL | 16681 | 06/09/2018 | 29/01/2015 | Book | 09/08/2018 | |||||
| Dewey Decimal Classification | SAU Library | SAU Library | General Stacks | 24/06/1992 | 574.190202 JOL | 19852 | 29/01/2015 | 29/01/2015 | Book | |||||||
| Dewey Decimal Classification | SAU Library | SAU Library | General Stacks | 30/06/1991 | 574.190202 JOL | 16687 | 29/01/2015 | 29/01/2015 | Book | |||||||
| Dewey Decimal Classification | SAU Library | SAU Library | General Stacks | 24/06/1992 | 574.190202 JOL | 19851 | 29/01/2015 | 29/01/2015 | Book | |||||||
| Dewey Decimal Classification | SAU Library | SAU Library | General Stacks | 30/06/1991 | 574.190202 JOL | 16689 | 29/01/2015 | 29/01/2015 | Book | |||||||
| Dewey Decimal Classification | SAU Library | SAU Library | General Stacks | 30/06/1991 | 574.190202 JOL | 16686 | 29/01/2015 | 29/01/2015 | Book | |||||||
| Dewey Decimal Classification | SAU Library | SAU Library | General Stacks | 30/06/1991 | 574.190202 JOL | 16682 | 29/01/2015 | 29/01/2015 | Book | |||||||
| Dewey Decimal Classification | SAU Library | SAU Library | General Stacks | 30/06/1991 | 574.190202 JOL | 16688 | 29/01/2015 | 29/01/2015 | Book | |||||||
| Dewey Decimal Classification | Not For Loan | SAU Library | SAU Library | Reference | 30/06/1991 | 574.190202 JOL | 16683 | 08/05/2015 | 08/05/2015 | Book | ||||||
| Dewey Decimal Classification | Not For Loan | SAU Library | SAU Library | Reference | 24/06/1992 | 574.190202 JOL | 19850x | 08/05/2015 | 08/05/2015 | Book | ||||||
| Dewey Decimal Classification | Not For Loan | SAU Library | SAU Library | Reference | 29/06/1988 | 574.190202 JOL | 12087 | 08/05/2015 | 08/05/2015 | Book | Reference | |||||
| Dewey Decimal Classification | Not For Loan | SAU Library | SAU Library | Reference | 30/06/1991 | 574.190202 JOL | 16680 | 08/05/2015 | 08/05/2015 | Book | Reference |
